000 00343nam a2200145Ia 4500
008 230718s9999 xx 000 0 und d
041 _aEng.
082 _a346.043
_bAWA-R
100 _aAwan, Jabal Mahmood
245 0 _aRent lestriction 1959
260 _aPakistan
_bMantowe bool heye
_c2004
300 _a144
650 _aLaw
999 _c28935
_d28935